| 000 | 00589cab a2200229 4500 | ||
|---|---|---|---|
| 001 | WB3108-46 | ||
| 008 | 090401t1995 xxu||||| |||| 00| 0 eng d | ||
| 035 | _a(Sirsi) u9743 | ||
| 041 | _aeng | ||
| 245 | _aBlack marketeers milk quotas | ||
| 260 | _c1995 | ||
| 350 | _a0 | ||
| 490 |
_aFinancial Times _v24 February 1995, 8(1) |
||
| 520 | _aThe illegal practice of selling excess milk is increasing. | ||
| 650 | _aBLACK MARKET | ||
| 650 | _aEXCESS MILK | ||
| 650 | _aINTERVENTION BOARD | ||
| 650 | _aMILK QUOTAS | ||
| 690 | _aRURAL PRACTICE | ||
| 942 | _n0 | ||
| 948 | _c04/03/1997 | ||
| 999 |
_c6126 _d6126 |
||